[Event "47th Doeberl Cup Premier"]
[Site "Canberra AUS"]
[Date "2009.04.11"]
[Round "5"]
[White "Bird,A"]
[Black "Mohota,N"]
[Result "1/2-1/2"]
[WhiteElo "2146"]
[BlackElo "2304"]

1.Nf3 d5 2.c4 e6 3.d4 Nf6 4.g3 Be7 5.Bg2 O-O 6.O-O dxc4 7.Qc2 a6 8.Qxc4 b5
9.Qc2 Bb7 10.Bd2 h6 11.a3 Bd6 12.b4 Be4 13.Qb2 Nbd7 14.Bc3 Nb6 15.Nbd2 Na4
16.Qb3 Bd5 17.Qc2 Qe8 18.Rac1 a5 19.Rfe1 Nxc3 20.Qxc3 axb4 21.axb4 Ra4 22.Rb1 Ba2
23.Ra1 Nd5 24.Qb2 Nxb4 25.Ne4 Qa8 26.Nc3 Ra5 27.Nd2 Bd5 28.Nxd5 exd5 29.Nb3 Rxa1
30.Rxa1 Qd8 31.Nc5 Nc6 32.Nb7 Qf6 33.e3 Ne7 34.Nxd6 Qxd6 35.Qxb5 c6 36.Qa6 Rb8
37.Qa2 h5 38.h4 Nf5 39.Qe2 g6 40.Qf3 Qb4 41.Qf4 Qb2 42.Rf1 Rb7 43.Bh3 Ne7
44.Qd6 Kg7 45.Bd7 Qb4 46.Qxb4 Rxb4 47.Ra1 Rb7 48.Bh3 Kf6 49.Ra6 Rc7 50.Kg2 Ng8
51.Kf3 Ke7 52.Kf4 c5 53.dxc5 Rxc5 54.Ra2 Kf6 55.Ra6+ Kg7 56.Ra7 Kf6 57.Rd7 Rc4+
58.Kf3 Ne7 59.Bf1 Rb4 60.Bh3 Rb5 61.Ra7 Rb4 62.Ra6+ Kg7 63.Rd6 Rc4 64.Ra6 Rb4
65.Ra2 Nc6 66.Rc2 Ne5+ 67.Ke2 d4 68.exd4  1/2-1/2

[Event "XXXVI Open"]
[Site "La Roda ESP"]
[Date "2009.04.11"]
[Round "6"]
[White "Trepat Herranz,J"]
[Black "Martinez Martin,D"]
[Result "1/2-1/2"]
[WhiteElo "2251"]
[BlackElo "2390"]

1.d4 Nf6 2.c4 e6 3.Nf3 d5 4.g3 Be7 5.Bg2 O-O 6.O-O dxc4 7.Qc2 a6 8.Qxc4 b5
9.Qc2 Bb7 10.Bd2 Bd6 11.Bg5 Nbd7 12.Rd1 h6 13.Bxf6 Qxf6 14.Ng5 hxg5 15.Bxb7 Rab8
16.Bc6 Nb6 17.Nc3 Qe7 18.a4 Nxa4  1/2-1/2

[Event "ch-MGL"]
[Site "Ulan Bator MGL"]
[Date "2009.04.11"]
[Round "2"]
[White "Batchuluun,T"]
[Black "Battulga,N"]
[Result "1/2-1/2"]
[WhiteElo "2391"]
[BlackElo "2319"]

1.d4 d5 2.c4 e6 3.Nf3 Nf6 4.g3 Be7 5.Bg2 O-O 6.O-O dxc4 7.Qc2 a6 8.Qxc4 b5
9.Qc2 Bb7 10.Bd2 Be4 11.Qc1 Nc6 12.e3 Nb4 13.Bxb4 Bxb4 14.a3 Be7 15.Nbd2 Bd5
16.Qc2 Rc8 17.b4 a5 18.Rab1 axb4 19.axb4 Ra8 20.Rfc1 Ra4 21.Qd3 Qa8 22.Qxb5 Rb8
23.Qd3 Bxb4 24.Nh4 Bxg2 25.Nxg2 Ra2 26.Nc4 Ne4 27.Rc2 Ra1 28.Rxa1 Qxa1+ 29.Qf1 Ra8
30.Nf4 Qa4 31.Qd3 Nf6 32.Ne5 Bd6 33.Nf3 h6 34.Kg2 Rb8 35.Ne2 Qa8 36.Qc4 Qe4
37.Ra2 Rb4 38.Qc2 Qb7 39.Qd3 Rb6 40.Nc3 Rb3 41.Qc2 e5 42.Ra8+ Qxa8 43.Qxb3 exd4
44.exd4 Qc6 45.Qb8+ Kh7 46.Qb1+ g6 47.Qd3 Bb4 48.Ne2 Bd6 49.Nc3 Bb4 50.Ne2 Bd6
51.Kg1 Qd5 52.Nc3 Qb3 53.Nd2 Qa3 54.Nc4 Qb3 55.Nd2 Qa3  1/2-1/2

[Event "FSGM April"]
[Site "Budapest HUN"]
[Date "2009.04.12"]
[Round "9"]
[White "Duong The Anh"]
[Black "Muir,A"]
[Result "1-0"]
[WhiteElo "2434"]
[BlackElo "2351"]

1.d4 d5 2.c4 e6 3.Nf3 Nf6 4.g3 Be7 5.Bg2 O-O 6.O-O dxc4 7.Qc2 a6 8.Qxc4 b5
9.Qc2 Bb7 10.Bf4 Nc6 11.Rd1 Nb4 12.Qc1 Nbd5 13.Nbd2 c5 14.dxc5 Rc8 15.Nb3 Nd7
16.Bg5 f6 17.Be3 Qc7 18.Nfd4 Kf7 19.c6 Bxc6 20.Nxc6 Qxc6 21.Qxc6 Rxc6 22.Rxd5 exd5
23.Bxd5+ Re6 24.Nd4 Nc5 25.Rc1 Rd8 26.Rxc5 Bxc5 27.Nxe6 Rxd5 28.Nxc5 Rd1+
29.Kg2 a5 30.a3 Ke7 31.Kf3 a4 32.Ke4 Kd6 33.Nd3 Kc6 34.h4 Kd6 35.Bf4+ Kc6
36.Kd4 Rb1 37.Bc1 Kd6 38.e4 Kc6 39.f4 Kd6 40.g4 Ra1 41.Kc3 Kc6 42.b3 Rb1
43.b4 Kd6 44.Kc2 Rb3 45.Bb2 Ke7 46.Bc3 Rxa3 47.Nc1 g6 48.Kb2  1-0

[Event "16th ch-Asian Cities Dubai Cup"]
[Site "Beirut LIB"]
[Date "2009.04.18"]
[Round "3"]
[White "Mohammad,Sam"]
[Black "Hassan,Ab"]
[Result "1/2-1/2"]
[WhiteElo "2391"]
[BlackElo "2322"]

1.d4 Nf6 2.c4 e6 3.g3 d5 4.Bg2 Be7 5.Nf3 O-O 6.O-O c6 7.Qc2 b6 8.b3 Bb7 9.Nc3 Nbd7
10.Rd1 Rc8 11.e4 c5 12.exd5 exd5 13.dxc5 dxc4 14.cxb6 cxb3 15.Qxb3 Qxb6 16.Bb2 Bc5
17.Qxb6 Nxb6 18.Nb5 Bxf2+ 19.Kxf2 Rc2+ 20.Kg1 Rxb2 21.Rdb1 Rxb1+ 22.Rxb1 Be4
23.Rc1 Rc8 24.Rxc8+ Nxc8 25.Ne5 Bxg2 26.Kxg2 Nd5 27.Kf3 a6 28.Nd4 Ncb6 29.Nec6 Nc3
30.Nb3 Nxa2 31.Nc5 Nc3 32.Nxa6 Nc4 33.Nc5 f6 34.h4 Kf7 35.Nd4 Ne5+ 36.Kg2 Nd5
37.Ne4 g6 38.Nd2 f5 39.N2f3 Nxf3 40.Kxf3 Kf6  1/2-1/2

[Event "XV Leonardo di Bona Magistrale"]
[Site "Cutro ITA"]
[Date "2009.04.18"]
[Round "1"]
[White "Inkiov,V"]
[Black "Neubauer,Kai"]
[Result "1-0"]
[WhiteElo "2471"]
[BlackElo "2020"]

1.d4 Nf6 2.c4 e6 3.Nf3 d5 4.g3 Be7 5.Bg2 O-O 6.O-O Nbd7 7.Nc3 c6 8.Qd3 Qc7
9.e4 dxe4 10.Nxe4 e5 11.Bg5 exd4 12.Qxd4 Nxe4 13.Bxe7 Re8 14.Ba3 Ndf6 15.b3 c5
16.Qd1 Bg4 17.Qc1 Rad8 18.Re1 Qc8 19.Bb2 Qf5 20.Qf4 Qxf4 21.gxf4 b6 22.Ne5 Nxf2
23.Kxf2 Rd2+ 24.Kg1 Rxb2 25.Nxg4 Rxe1+ 26.Rxe1 Rxa2 27.Nxf6+ gxf6 28.Bd5 Kf8
29.Bc6 Ra3 30.Re8+ Kg7 31.Re7 a6 32.Bd5 Rxb3 33.Bxf7 Kf8 34.Ra7 b5 35.Bd5 bxc4
36.Rxa6 Kg7 37.Ra4  1-0

[Event "XV Leonardo di Bona Magistrale"]
[Site "Cutro ITA"]
[Date "2009.04.23"]
[Round "6"]
[White "Epishin,V"]
[Black "Drasko,M"]
[Result "1/2-1/2"]
[WhiteElo "2591"]
[BlackElo "2527"]

1.Nf3 Nf6 2.c4 e6 3.g3 d5 4.d4 Be7 5.Bg2 O-O 6.O-O Nbd7 7.Qc2 c6 8.b3 b6
9.Rd1 Ba6 10.Nbd2 c5 11.Bb2 Rc8 12.e4 cxd4 13.exd5 exd5 14.Nxd4 b5 15.Qf5 bxc4
16.bxc4 Bxc4 17.Nxc4 Rxc4 18.Rac1 Rxc1 19.Rxc1 Qb6 20.Qc2 g6 21.Nc6 Bc5 22.Bxf6 Qxc6
23.Bd4 Qe6 24.Bxc5 Rc8 25.Qd2 Rxc5 26.Rxc5 Nxc5 27.Bxd5 Qe5 28.Kg2 Kg7 29.f4 Qf6
30.Qe3 Qd6 31.Qc3+ f6 32.Bf3 Ne6 33.Qa5 Qe7 34.Qd5 Nc5 35.Qd4 Ne6 36.Qe4 Qd6
37.Qd5 Qxd5 38.Bxd5 Nc7 39.Bb3 Kf8 40.Kf3 Ke7 41.Ke4 h6 42.Bc2 Kd6 43.Kf3 g5
44.Bb3 Ne8 45.Ke4 Ng7 46.fxg5 hxg5 47.h4 f5+ 48.Kd4 f4 49.hxg5 fxg3 50.Ke3 Ke5
51.Kf3  1/2-1/2

[Event "11th Dubai Open"]
[Site "Dubai UAE"]
[Date "2009.05.02"]
[Round "7"]
[White "Hirneise,T"]
[Black "Hassan,Ab"]
[Result "1-0"]
[WhiteElo "2407"]
[BlackElo "2322"]

1.d4 e6 2.c4 Nf6 3.g3 d5 4.Nf3 Be7 5.Bg2 O-O 6.O-O c6 7.Qc2 b6 8.Nbd2 Nbd7
9.e4 Ba6 10.b3 Rc8 11.Bb2 c5 12.exd5 exd5 13.Qf5 g6 14.Qh3 dxc4 15.Nxc4 Bb7
16.Rfe1 Be4 17.Nce5 Bf5 18.Qh6 Nxe5 19.dxe5 Ne8 20.Rad1 Qc7 21.Ng5 Bxg5 22.Qxg5 Ng7
23.g4 Ne6 24.Qh4 g5 25.Qg3 Bg6 26.h4 h6 27.Rd6 c4 28.Bd5 c3 29.Bc1 Qe7 30.hxg5 hxg5
31.Ba3 Kg7 32.Qf3 c2 33.Bc4 b5 34.Bxb5 Rfd8 35.Bc4 Nc5 36.Qf6+ Qxf6 37.exf6+ Kg8
38.Bxc5 Rxd6 39.Bxd6 Rd8 40.Ba3 Rd1 41.Rf1 Be4 42.Be2 Rd2 43.Re1 Rd5 44.Bc1 Rd6
45.f3 Bg6 46.Bxg5  1-0

[Event "TOP 16 GpA"]
[Site "Mulhouse FRA"]
[Date "2009.05.02"]
[Round "6"]
[White "Gofshtein,L"]
[Black "Sokolov,Andrei3"]
[Result "1/2-1/2"]
[WhiteElo "2533"]
[BlackElo "2155"]

1.d4 Nf6 2.Nf3 e6 3.g3 d5 4.Bg2 Be7 5.c4 O-O 6.O-O dxc4 7.Qc2 a6 8.a4 Bd7
9.Qxc4 Bc6 10.Bg5 Bd6 11.Qc2 Be4 12.Qd1 c5 13.Nbd2 Bd5 14.dxc5 Bxc5 15.Qc2 Nbd7  1/2-1/2

[Event "FIDE Open"]
[Site "Ostrava CZE"]
[Date "2009.05.03"]
[Round "2"]
[White "Stupak,K"]
[Black "Splichal,S"]
[Result "1-0"]
[WhiteElo "2467"]
[BlackElo "2225"]

1.d4 d5 2.Nf3 Nf6 3.c4 e6 4.g3 Be7 5.Bg2 O-O 6.O-O Nbd7 7.Nc3 c6 8.Nd2 b6
9.e4 Bb7 10.b3 Rc8 11.Bb2 dxe4 12.Ndxe4 Nxe4 13.Nxe4 Nf6 14.Nc3 Qc7 15.Qe2 Rfe8
16.Rfe1 c5 17.Nb5 Qb8 18.d5 exd5 19.Be5 Qa8 20.Bh3 d4 21.Bxc8 Qxc8 22.Bxf6 gxf6
23.Nd6 Qc6 24.Qg4+ Kf8 25.Nxb7 Qxb7 26.Qf5  1-0

[Event "4NCL 2008-9"]
[Site "Staverton ENG"]
[Date "2009.05.04"]
[Round "11"]
[White "Sowray,P"]
[Black "Muir,A"]
[Result "1-0"]
[WhiteElo "2311"]
[BlackElo "2351"]

1.c4 e6 2.Nf3 d5 3.d4 Nf6 4.g3 Be7 5.Bg2 O-O 6.O-O dxc4 7.Qa4 a6 8.Qxc4 b5
9.Qc2 Bb7 10.Bd2 Nc6 11.e3 Nb4 12.Bxb4 Bxb4 13.a3 Bd6 14.Nbd2 Rc8 15.e4 Be7
16.e5 Nd7 17.b4 a5 18.Nb3 axb4 19.Ng5 Bxg5 20.Bxb7 Rb8 21.Be4 bxa3 22.Rxa3 c5
23.dxc5 Nxe5 24.Ra7 f5 25.Bg2 f4 26.c6 Qf6 27.c7 Rbe8 28.Qe4 Nc4 29.Qd4 Qh6
30.Re1 f3 31.Bf1 Bf6 32.Qd7 Bc3 33.Rc1 Bb2 34.Rc2 Ne3 35.Qxe8 Rxe8 36.c8=Q Qg6
37.Bxb5 Nxc2 38.Bxe8  1-0

[Event "TCh-ISR 2008-9"]
[Site "Israel ISR"]
[Date "2009.05.08"]
[Round "7"]
[White "Soffer,R"]
[Black "Berkovich,M"]
[Result "1/2-1/2"]
[WhiteElo "2475"]
[BlackElo "2409"]

1.c4 e6 2.Nf3 Nf6 3.d4 d5 4.g3 Be7 5.Bg2 O-O 6.Qc2 Nc6 7.a3 dxc4 8.Qxc4 Qd5
9.Qd3 Rd8 10.Nc3 Qh5 11.h3 Qg6 12.Qc4 Nd5 13.e3 Qc2 14.Nd2 Na5 15.Qa4 Qxa4
16.Nxa4 Bd7 17.Nc5 Bxc5 18.dxc5 Bb5 19.b4 Nc4 20.Bf1 Nxd2 21.Bxd2 Bxf1 22.Rxf1 Nf6
23.Ke2 Ne4 24.Be1 Kf8 25.f3 Nf6 26.e4 c6 27.g4 Ne8 28.Bc3 f6 29.f4 Nc7 30.a4 Kf7
31.Rf3 a5 32.bxa5 Na6 33.Rc1 Nxc5 34.Bxf6 gxf6 35.Rxc5 Rd4 36.Rb3 Ra7 37.a6 bxa6
38.Kf3 Rxa4 39.Rxc6 Rd7 40.f5 exf5 41.exf5 Kg7 42.Kg3 h5 43.Rbb6 hxg4 44.hxg4 Rf7
45.Rc8 Ra1 46.Rbb8 Rd7 47.Rg8+ Kf7 48.Rbf8+ Ke7 49.Re8+ Kf7 50.Rgf8+ Kg7
51.Rg8+ Kf7 52.Ref8+ Ke7 53.Rg7+ Kxf8 54.Rxd7 a5 55.Ra7 a4 56.Ra8+ Kg7 57.Ra7+ Kf8
58.Ra8+  1/2-1/2

[Event "TCh-ISR 2008-9"]
[Site "Israel ISR"]
[Date "2009.05.08"]
[Round "7"]
[White "Roiz,M"]
[Black "Zubov,A UKR"]
[Result "1/2-1/2"]
[WhiteElo "2677"]
[BlackElo "2564"]

1.c4 e6 2.Nf3 Nf6 3.d4 d5 4.g3 Be7 5.Bg2 O-O 6.O-O dxc4 7.Qc2 a6 8.a4 a5
9.Qxc4 Na6 10.Nc3 c6 11.Rd1 Nb4 12.Ne5 Nd7 13.Bf4 Nd5 14.Nxd7 Bxd7 15.Bd2 Nb4
16.Rac1 Rc8 17.Qb3 b5 18.Bf4 Kh8 19.h4 Nd5 20.Bd2 Nxc3 21.Qxc3 b4 22.Qd3 c5
23.b3 cxd4 24.Qxd4 Bf6 25.Qd3 e5 26.Be3 Rxc1 27.Bxc1 Be6 28.Bd5 Bxd5 29.Qxd5 Qc7
30.Bg5 Bxg5 31.hxg5 Qc2 32.e4 Kg8 33.Kg2 g6 34.Rd3 Qc7 35.Rf3 Kg7 36.Rf6 Re8
37.Rc6 Qd8 38.Qxd8 Rxd8 39.Rc5 Rd3 40.Rxa5 Rxb3 41.Rxe5 h6 42.gxh6+ Kxh6
43.Rb5 Rb2 44.a5 Ra2 45.Kf3 b3 46.Rxb3 Rxa5 47.Kf4 Kg7 48.Rb4 Rc5 49.f3 Ra5
50.Rd4 Rb5 51.e5 Kf8 52.Re4 Kg7 53.Ra4 Kf8 54.Ke4 Kg7 55.Kf4 Kf8 56.g4 Kg7
57.Ra7 Kf8 58.Ra6 Kg7 59.Rc6 Ra5 60.Rd6 Ra3 61.Rd7 Kf8 62.Ke4 Ra5 63.f4 Ra4+
64.Rd4 Ra1 65.Rd7 Ra4+ 66.Kf3 Ra3+ 67.Kf2 g5 68.f5 Ra5 69.Rd8+ Ke7 70.Rg8 Rxe5
71.Rxg5 Kf6 72.Rg8 Ra5 73.Kg3 Ra1 74.Rh8 Rg1+  1/2-1/2

[Event "TCh-ISR 2008-9"]
[Site "Israel ISR"]
[Date "2009.05.08"]
[Round "7"]
[White "Kudischewitsch,D"]
[Black "Porat,Dav"]
[Result "0-1"]
[WhiteElo "2343"]
[BlackElo "2196"]

1.d4 d5 2.c4 e6 3.Nf3 Nf6 4.g3 Be7 5.Bg2 O-O 6.Qc2 b6 7.O-O Bb7 8.cxd5 exd5
9.Bf4 Na6 10.Ne5 c5 11.Nc3 Qc8 12.Rfd1 Rd8 13.Rac1 Qe6 14.a3 Rac8 15.Nb5 g5
16.Bxg5 cxd4 17.Qb1 Qxe5 18.Bf4 Qh5 19.Nxd4 Nc5 20.h3 Bf8 21.g4 Qg6 22.Nf5 Ne6
23.Bh6 Rxc1 24.Bxc1 Rd7 25.Rd3 h6 26.b4 d4 27.Bxb7 Rxb7 28.Kf1 Nd5 29.Qb3 Ne7
30.Rf3 Rc7 31.Bd2 Bg7 32.h4 Kh8 33.Nd6 Nd8 34.Ne8 Rd7 35.g5 h5 36.b5 Nd5
37.Nxg7 Kxg7 38.Qc4 Qe4 39.Qc8 Qxh4 40.Kg1 Qg4+ 41.Rg3 Qe6 42.Qc2 h4 43.Rg2 Qg6
44.Qc4 Ne6 45.e3 Qe4 46.g6 fxg6 47.Qc8 Rf7 48.Qe8 h3  0-1

[Event "Mitropa Cup"]
[Site "Rogaska Slatina SLO"]
[Date "2009.05.09"]
[Round "1"]
[White "Brunello,S"]
[Black "Huss,A"]
[Result "1-0"]
[WhiteElo "2477"]
[BlackElo "2340"]

1.d4 e6 2.c4 Nf6 3.g3 d5 4.Nf3 Be7 5.Bg2 O-O 6.O-O c6 7.Qc2 b6 8.Nbd2 Bb7
9.e4 Nbd7 10.e5 Ne8 11.cxd5 cxd5 12.Re1 Rc8 13.Qb3 Nc7 14.Nf1 a5 15.h4 b5
16.N1h2 a4 17.Qd3 Re8 18.Ng4 Nf8 19.h5 b4 20.Bf4 Nd7 21.h6 g6 22.Qd2 a3 23.bxa3 bxa3
24.Bg5 Ba6 25.Rab1 Bxg5 26.Nxg5 Qe7 27.Nf3 Ra8 28.Rec1 Bc4 29.Bf1 Reb8 30.Rxb8+ Rxb8
31.Bxc4 dxc4 32.Rxc4 Nd5 33.Qc1 N7b6 34.Rc5 Qa7 35.Ng5 Qe7 36.Ne4 Qd8 37.Qxa3 Ra8
38.Qb3 Kh8 39.Rc2 Ra4 40.Qf3 Qf8 41.Nc5 Ra8 42.Kg2 Kg8 43.Rb2 Nc4 44.Rb7 Ra3
45.Qe2 Ncb6 46.Qb2 Qa8 47.Qxa3  1-0

[Event "XXVIII Open"]
[Site "Zalakaros HUN"]
[Date "2009.05.09"]
[Round "2"]
[White "Banusz,T"]
[Black "Pergel,L"]
[Result "0-1"]
[WhiteElo "2502"]
[BlackElo "2288"]

1.Nf3 Nf6 2.c4 e6 3.g3 d5 4.d4 Be7 5.Bg2 O-O 6.O-O c6 7.Nbd2 Nbd7 8.Qc2 b6
9.e4 Bb7 10.b3 Rc8 11.Bb2 Qc7 12.Rfe1 Rfd8 13.e5 Ne8 14.Rac1 c5 15.Ba3 h6
16.cxd5 Bxd5 17.Ne4 Qb7 18.Qd3 c4 19.bxc4 Bxa3 20.Neg5 Bxc1 21.Qh7+ Kf8 22.cxd5 Qxd5
23.Nxf7 Kxf7 24.Ng5+ Bxg5 25.Bxd5 Nf8 26.Bxe6+ Nxe6 27.f4 Nxd4 28.Kh1 Bf6
29.Qe4 Kg8 30.Rd1 Ne6 31.Rxd8 Bxd8 32.Qd5 Rc1+ 33.Kg2 Rc2+ 34.Kg1 Rc1+ 35.Kg2 Rc2+
36.Kg1 Nc7 37.Qd1 Rc5 38.f5 Rd5 39.Qa4 Nc5  0-1

[Event "Copenhagen Chess Challenge"]
[Site "Ballerup DEN"]
[Date "2009.05.10"]
[Round "8"]
[White "Danielsen,Hen"]
[Black "Hagen,Andr"]
[Result "1-0"]
[WhiteElo "2482"]
[BlackElo "2278"]

1.d4 Nf6 2.c4 e6 3.g3 d5 4.Nf3 Be7 5.Bg2 O-O 6.Qc2 c5 7.dxc5 Qa5+ 8.Nbd2 Qxc5
9.O-O Nc6 10.b3 e5 11.e3 e4 12.Ne1 Bf5 13.Bb2 Rfd8 14.a3 dxc4 15.bxc4 Ne5
16.Nxe4 Nxe4 17.Bxe4 Bxe4 18.Qxe4 Nxc4 19.Bd4 Qc7 20.Nf3 Qc6 21.Qxc6 bxc6
22.a4 c5 23.Bc3 Rd3 24.Rfc1 Nb6 25.Ne5 Rd6 26.a5 Nd5 27.Nc4 Nxc3 28.Rxc3 Bf6
29.Rcc1 Rdd8 30.Rab1 Rab8 31.Rxb8 Rxb8 32.Kg2 Rb5 33.Kf3 g6 34.Ke4 Bd8 35.Ra1 Bf6
36.Ra2 Bc3 37.a6 Rb8 38.Kd5 Bb4 39.Kc6 Kf8 40.Ra1 Rd8 41.Kc7 Ke8 42.Nd6+ Ke7
43.Nc8+ Ke8 44.Nxa7 c4 45.Nc6 Rd7+ 46.Kb6 Rd5 47.Nxb4  1-0

[Event "TCh-NED 2008-9"]
[Site "Netherlands NED"]
[Date "2009.05.10"]
[Round "9"]
[White "Kabatianski,A"]
[Black "Coene,I"]
[Result "1-0"]
[WhiteElo "2436"]
[BlackElo "2120"]

1.d4 d5 2.c4 e6 3.Nf3 Nf6 4.g3 Be7 5.Bg2 O-O 6.O-O c6 7.Qc2 Ne4 8.Nbd2 f5
9.Ne5 Nd7 10.Nd3 Ndf6 11.Nf3 Ng4 12.b3 Bd7 13.Bb2 Qe8 14.Rad1 Qh5 15.h3 g5
16.hxg4 fxg4 17.Nh2 Bd6 18.Ne5 Bxe5 19.dxe5 Nxf2 20.Rxf2 Rxf2 21.Kxf2 Qxh2
22.Ba3 Qh6 23.Kg1 Qg7 24.Bd6 Be8 25.Qd2 h5 26.Rf1 Bf7 27.Qd4 b6 28.Rf6 Rd8
29.Qf2 Rd7 30.e3 Qh7 31.cxd5 cxd5 32.Bxd5 exd5 33.e6 Qb1+ 34.Kh2 Bxe6 35.Rxe6 Rf7
36.Re8+ Kg7 37.Be5+  1-0

[Event "XXVIII Open"]
[Site "Zalakaros HUN"]
[Date "2009.05.10"]
[Round "3"]
[White "Pap,G"]
[Black "Nemeth,D"]
[Result "1-0"]
[WhiteElo "2466"]
[BlackElo "2132"]

1.d4 Nf6 2.c4 e6 3.g3 d5 4.Bg2 Be7 5.Nf3 O-O 6.Qc2 c6 7.O-O Nbd7 8.Nbd2 b6
9.e4 Ba6 10.Re1 Rc8 11.b3 c5 12.e5 Ne8 13.cxd5 exd5 14.Qf5 Nc7 15.Bb2 Ne6
16.Rad1 Qc7 17.Nf1 g6 18.Qb1 cxd4 19.Nxd4 Bb4 20.Re3 Bc5 21.f4 Bb7 22.Kh1 Rfd8
23.Nb5 Qb8 24.Red3 Ba6 25.a4 Nc7 26.Nd6 Bxd3 27.Qxd3 Bxd6 28.exd6 Ne8 29.f5 gxf5
30.Ne3 Qxd6 31.Nxf5 Qf8 32.Bxd5 Rc5 33.Qe4 Rxd5 34.Qg4+ Ng7 35.Rxd5 Nf6 36.Rxd8 Nxg4
37.Ne7+  1-0

[Event "Limpedea Cup"]
[Site "Baia Sprie ROM"]
[Date "2009.05.12"]
[Round "2"]
[White "Manea,Al"]
[Black "Sanikidze,T"]
[Result "1/2-1/2"]
[WhiteElo "2404"]
[BlackElo "2559"]

1.d4 Nf6 2.Nf3 e6 3.c4 d5 4.g3 Be7 5.Bg2 O-O 6.O-O dxc4 7.Qc2 a6 8.Qxc4 b5
9.Qc2 Bb7 10.Bd2 Bd6 11.a4 Nbd7 12.axb5 axb5 13.Nc3 c6 14.Bf4 Bxf4 15.gxf4 Qb8
16.e3 c5 17.dxc5 Nxc5 18.b4 Rxa1  1/2-1/2

[Event "8th Asian Continental Women"]
[Site "Subic Bay PHI"]
[Date "2009.05.13"]
[Round "1"]
[White "Wang Xiaohui"]
[Black "Khademalsharieh,S"]
[Result "1-0"]
[WhiteElo "2265"]
[BlackElo "1806"]

1.d4 Nf6 2.c4 e6 3.g3 d5 4.Nf3 Be7 5.Bg2 O-O 6.O-O dxc4 7.Ne5 Nc6 8.Nxc6 bxc6
9.Na3 Bxa3 10.bxa3 Nd5 11.Qa4 Nb6 12.Qxc6 Rb8 13.Qc5 Bb7 14.e4 Qd7 15.Bf4 Bc6
16.Rad1 Na4 17.Qa5 Nb2 18.Rd2 Nd3 19.d5 Ba4 20.Qxc7 Nxf4 21.Qxd7 Bxd7 22.gxf4 exd5
23.Rxd5 Be6 24.Rc5 Rfc8 25.Rxc8+ Rxc8 26.f5 Bd7 27.Rc1 c3 28.Bf1 c2 29.Bd3 Ba4
30.Kf1 Rc3 31.Ke2 Rxa3 32.Bc4 Rh3 33.Bd3 Rxh2 34.Bxc2 Bb5+ 35.Ke3 g5 36.f6 Rh3+
37.Kd4 Ra3 38.Bb3 Be8 39.Rc8 Kf8 40.e5 Ra6 41.Ke4 h5 42.Kf5 Ra5 43.Rd8 h4
44.Bd5 Rc5 45.Kg4 a5 46.a3  1-0

[Event "ch-ESP Universities"]
[Site "La Pineda de Vila-Seca ESP"]
[Date "2009.05.14"]
[Round "8"]
[White "Aloma Vidal,R"]
[Black "Torrado Quintela,J"]
[Result "1-0"]
[WhiteElo "2378"]
[BlackElo "2246"]

1.d4 d5 2.c4 e6 3.Nf3 Nf6 4.g3 Be7 5.Bg2 O-O 6.O-O c6 7.Qc2 Nbd7 8.Nbd2 b6
9.e4 dxe4 10.Nxe4 Nxe4 11.Qxe4 Bb7 12.Rd1 Nf6 13.Qc2 Qc8 14.c5 Nd5 15.Bg5 Qd8
16.Bxe7 Qxe7 17.Rac1 Rfd8 18.a3 Rac8 19.h4 h6 20.Qa4 Rc7 21.Ne5 Qe8 22.Re1 f6
23.Nd3 b5 24.Qa5 Re7 25.Re4 Bc8 26.Rce1 e5 27.dxe5 Bf5 28.Rd4 fxe5 29.Nxe5 Kh7
30.f4 Rc8 31.Bf3 Qf8 32.h5 Rd8 33.Qd2 Qf6 34.Rd1 Rxe5 35.fxe5 Qxe5 36.Qf2 Rf8
37.Bxd5 cxd5 38.Rxd5 Qe4 39.R5d4 Qe5 40.Rf4 Rf6 41.c6 Be4 42.Rxf6 gxf6 43.Qxa7+  1-0

[Event "8th Asian Continental Open"]
[Site "Subic Bay PHI"]
[Date "2009.05.14"]
[Round "2"]
[White "Nguyen Ngoc Truong Son"]
[Black "Irwanto,S"]
[Result "0-1"]
[WhiteElo "2588"]
[BlackElo "2447"]

1.d4 Nf6 2.c4 e6 3.g3 d5 4.Bg2 Be7 5.Nf3 O-O 6.O-O dxc4 7.Qc2 a6 8.a4 Bd7
9.Qxc4 Bc6 10.Nc3 b5 11.Qd3 b4 12.Nb1 Be4 13.Qd1 c5 14.Nbd2 Bd5 15.dxc5 Nbd7
16.Nb3 Nxc5 17.Nbd4 Rc8 18.a5 Qc7 19.Bd2 Qb7 20.Qe1 Nce4 21.Ra4 Nxd2 22.Qxd2 Rfd8
23.Qf4 h6 24.Bh3 Bxf3 25.Nxf3 Qb5 26.Raa1 g5 27.Qe3 g4 28.Nd4 Qd5 29.Nxe6 Qxe6
30.Qxe6 fxe6 31.Bg2 Rc5 32.Rfc1 Rdc8 33.Rd1 R8c7 34.e3 Rf5 35.Bf1 Rcc5 36.Bxa6 Rxa5
37.Bc4 Kf7 38.Rxa5 Rxa5 39.Kg2 Rf5 40.Rb1 Rc5 41.b3 Ne4 42.Rb2 Bf6 43.Rc2 Bc3
44.Be2 Nd2 45.Ra2 Nxb3 46.Ra7+ Kf6 47.Bxg4 h5 48.Bd1 Na5 49.Rh7 b3 50.Rh6+ Ke7
51.Rxh5 b2 52.Rxc5 b1=Q 53.Bg4 Qb2 54.Rc7+ Kd6  0-1

[Event "Mitropa Cup"]
[Site "Rogaska Slatina SLO"]
[Date "2009.05.16"]
[Round "8"]
[White "Brunello,S"]
[Black "Papp,Ga"]
[Result "1-0"]
[WhiteElo "2477"]
[BlackElo "2524"]

1.d4 Nf6 2.c4 e6 3.g3 d5 4.Nf3 Be7 5.Bg2 O-O 6.O-O dxc4 7.Qc2 a6 8.Qxc4 b5
9.Qc2 Bb7 10.Bd2 Be4 11.Qc1 Bb7 12.Bf4 Bd6 13.Rd1 Nbd7 14.Ne5 Bxg2 15.Kxg2 Nd5
16.Nc3 Nxf4+ 17.gxf4 Nf6 18.Qe3 b4 19.Ne4 Nd5 20.Qf3 f6 21.Nd3 f5 22.Nec5 Qe7
23.e3 h6 24.Rg1 g5 25.Qh5 Qe8 26.Qxe8 Rfxe8 27.Kf1 g4 28.h3 h5 29.hxg4 hxg4
30.Ke2 Kf7 31.Rh1 Rh8 32.Rxh8 Rxh8 33.Nxa6 Rh2 34.Rg1 Be7 35.Kf1 Bd6 36.Nac5 Ke7
37.Nb3 Kf6 38.Rg2 Rh1+ 39.Rg1 Rh2 40.Ke2 Ke7 41.Nd2 Nf6 42.Nf1 Rh8 43.Ng3 Ra8
44.Ra1 Rh8 45.Kd2 Nd5 46.Rh1 Ra8 47.Nc1 Kf7 48.Kc2 Kg6 49.Kb3 Kg7 50.Nd3 Rb8
51.Nf1 Kg6 52.Nd2 Kg7 53.Nc4 Nf6 54.Nce5 Ne4 55.f3 gxf3 56.Rg1+ Kh6 57.Nxf3 c5
58.dxc5 Bxc5 59.Nxc5 Nxc5+ 60.Kc4 Na4 61.Rg2 Nb6+ 62.Kxb4 Nd5+ 63.Kc5 Nxe3
64.Re2 Rc8+ 65.Kd6 Nc4+ 66.Ke7 Kh5 67.Rc2 Nb6 68.Rxc8 Nxc8+ 69.Kxe6 Kg4 70.Nd4 Kxf4
71.Nxf5 Na7 72.Nd6 Ke3 73.Kd5 Kd3 74.Kc5 Kc2 75.b4 Kb2 76.a4 Kb3 77.a5 Ka4
78.a6 Nb5 79.Nxb5  1-0

[Event "8th Asian Continental Open"]
[Site "Subic Bay PHI"]
[Date "2009.05.17"]
[Round "5"]
[White "Kunte,A"]
[Black "So,W"]
[Result "1/2-1/2"]
[WhiteElo "2513"]
[BlackElo "2641"]

1.d4 Nf6 2.c4 e6 3.g3 d5 4.Nf3 Be7 5.Bg2 O-O 6.O-O dxc4 7.Qc2 a6 8.a4 Bd7
9.Qxc4 Bc6 10.Bf4 a5 11.Nc3 Na6 12.Ne5 Bd5 13.Qb5 Nb4 14.e4 Bb3 15.Ra3 Bc2
16.Qc4 Nd7 17.Rc1 c6 18.Qe2 Nxe5 19.Bxe5 Bd3 20.Qg4 g5 21.d5 cxd5 22.exd5 Bf5
23.Qh5 exd5 24.Rd1 Bg6 25.Qe2 Qb6 26.Rb3 Qe6 27.Bxd5 Nxd5 28.Nxd5 Bd8 29.Re3 Qa6
30.Qd2 Rc8 31.Bc3 Rc6 32.Qd4 f6 33.Ne7+ Bxe7 34.Rxe7 Rf7 35.Qd5 Qc4 36.Rxf7 Qxd5
37.Rxd5 Bxf7 38.Rf5 h6 39.Rxa5 Ra6 40.Rxa6 bxa6 41.Bxf6 Bb3 42.a5 Kf7 43.Bc3 g4
44.Kf1 Ke6 45.Ke2 h5 46.f4 gxf3+ 47.Kxf3 Kf5 48.Bb4 Ba4 49.Be7 Bb3 50.Ke3 Kg6
51.Kf4 Bc4 52.b4 Bd3  1/2-1/2

[Event "8th Asian Continental Open"]
[Site "Subic Bay PHI"]
[Date "2009.05.18"]
[Round "6"]
[White "Vidit,S"]
[Black "Akshayraj,K"]
[Result "1-0"]
[WhiteElo "2441"]
[BlackElo "2404"]

1.d4 Nf6 2.c4 e6 3.Nf3 d5 4.g3 Be7 5.Bg2 O-O 6.O-O c6 7.Qc2 b6 8.Nbd2 Bb7
9.b3 Nbd7 10.Bb2 Rc8 11.e4 Rc7 12.Rfe1 dxe4 13.Nxe4 c5 14.Nxf6+ Bxf6 15.dxc5 bxc5
16.Rad1 Qa8 17.Re3 h6 18.Ne1 Rd8 19.Bxb7 Qxb7 20.Nd3 Bd4 21.Re2 a5 22.Nf4 Qb6
23.Bxd4 cxd4 24.Red2 Ne5 25.Qe4 Nc6 26.Nd3 a4 27.c5 Qb7 28.b4 Nxb4 29.Qxb7 Rxb7
30.Rb2 Rdb8 31.Rdb1 Nxd3 32.Rxb7 Rxb7 33.Rxb7 Nxc5 34.Rb4 e5 35.Rc4 Ne4 36.Rxa4 Kf8
37.Ra7 d3 38.Rd7 Nc3 39.a3 e4 40.Kf1 Ke8 41.Rd4 f5 42.Ke1 Nb5 43.Rd5 Nxa3
44.Rxf5 Nc4 45.Rc5 Nd6 46.Rc7 Nf5 47.Kd1 Kf8 48.Rd7 g6 49.Kd2 h5 50.h3 Ke8
51.Ra7 Kf8 52.Kc3 Ke8 53.Ra5 Kf7 54.Ra7+ Kf6 55.Ra6+ Kf7 56.Rb6 e3 57.fxe3 Nxe3
58.Kxd3 Nf1 59.g4 hxg4 60.hxg4 Nh2 61.g5 Ng4 62.Kd4  1-0

[Event "27th Liechtenstein Open"]
[Site "Triesen LIE"]
[Date "2009.05.18"]
[Round "4"]
[White "Simon,Pete GER"]
[Black "Tarnutzer,W"]
[Result "1/2-1/2"]
[WhiteElo "2163"]
[BlackElo "2058"]

1.d4 d5 2.Nf3 Nf6 3.c4 e6 4.g3 Be7 5.Bg2 O-O 6.O-O c6 7.Qc2 a5 8.Nbd2 Na6
9.e4 dxe4 10.Nxe4 c5 11.Nxf6+ Bxf6 12.dxc5 Nxc5 13.Rd1 Qc7 14.Bg5 e5 15.Bxf6 gxf6
16.h3 Ra6 17.Rd2 f5 18.Rd5 Re8 19.Nh4  1/2-1/2

[Event "8th Asian Continental Open"]
[Site "Subic Bay PHI"]
[Date "2009.05.21"]
[Round "9"]
[White "Kunte,A"]
[Black "Yu Shaoteng"]
[Result "1/2-1/2"]
[WhiteElo "2513"]
[BlackElo "2504"]

1.d4 Nf6 2.Nf3 e6 3.g3 d5 4.Bg2 Be7 5.c4 O-O 6.O-O dxc4 7.Qc2 a6 8.a4 Bd7
9.Qxc4 Bc6 10.Bg5 Bd5 11.Qd3 Be4 12.Qd1 c5 13.dxc5 Bxc5 14.Nbd2 Bc6 15.Nb3 Bb4
16.Qxd8 Rxd8 17.Ne5 Bxg2 18.Kxg2 Nbd7 19.Nxd7 Rxd7 20.Bxf6 gxf6 21.Rfd1 Rad8
22.Rxd7 Rxd7 23.Rc1 f5 24.Rc2 Kg7 25.Nc1 e5 26.Nd3 Bd6 27.f3 Kf6 28.Rc4 Ke6
29.b3 Rc7 30.Rxc7 Bxc7 31.e4 Bb6 32.g4 fxe4 33.fxe4 Bd4 34.Kg3 Kf6 35.Ne1 Be3
36.h4 Kg6 37.Kf3 Bc5 38.Nd3 Bd4 39.Kg3 Kh6 40.Nb4 f6 41.Kf3 Kg6 42.Nd5 Bc5
43.Kg3 Bd6 44.Ne3 Bc5 45.Nc4 Bb4 46.Kf3 Kh6 47.h5 Kg7 48.g5 fxg5 49.Nb6 Kf7
50.Kg4 Ke6 51.Kxg5 Bd2+ 52.Kg4 Bc1 53.Nc4 Bh6 54.Na5 b5 55.axb5 axb5 56.Nb7 Be3
57.Nd8+ Kf6 58.Nc6 Bc5 59.Nd8 Be7 60.Nc6 Bc5  1/2-1/2